| 000 | 01074nam a22002657a 4500 | ||
|---|---|---|---|
| 999 |
_c16543 _d16543 |
||
| 003 | AR-CdUCM | ||
| 008 | 190503b ||||| |||| 00| 0 spa d | ||
| 040 |
_aMUNICIPALIDAD PROVINCIAL DEL CUSCO _cBIBLIOTECA MUNICIPAL DEL CUSCO |
||
| 041 | _heng. | ||
| 082 |
_a540.72 / _bH75 |
||
| 100 |
_aHolum, John R. _932376 |
||
| 245 | _aPrácticas de química general, química orgánica y bioquímica / | ||
| 260 |
_aMéxico : _bLimusa-Wiley, _c1972. |
||
| 300 |
_a148 paginas ; _bIlustraciones, _c29 cm. |
||
| 505 | _aContenido :Como proteger en el laboratorio. reglas de seguridad --Material que el alumno debe tener en su gaveta --Manejo y cuidado del material --Técnicas importantes y operaciones rutinarias de laboratorio ... | ||
| 650 |
_aQuímica experimental _936040 |
||
| 650 |
_aQuímica orgánica _921647 |
||
| 650 |
_aQuímica _94512 |
||
| 650 |
_aBioquimica _919930 |
||
| 650 |
_aPracticas _911405 |
||
| 700 |
_aDaniel Pacheco Leal (traductor) _936041 |
||
| 710 |
_aCentro regional de ayuda tecnica _910048 |
||
| 942 |
_2ddc _cLIBROS |
||
| 945 |
_arjall _d2019-05-03 |
||